Governance of innovation systems
Salvato in:
| Natura: | Libro |
|---|---|
| Lingua: | inglese |
| Pubblicazione: |
Paris
OECD
2005
|
| Soggetti: | |
| Tags: |
Nessun Tag, puoi essere il primo ad aggiungerne!!
|
MARC
| LEADER | 00000nam$a2200000$$$4500 | ||
|---|---|---|---|
| 001 | 0038790 | ||
| 005 | 20221129082634.7 | ||
| 020 | |a 92-64-03571-0 | ||
| 041 | 0 | |a eng | |
| 044 | |a FR | ||
| 245 | 1 | 0 | |a Governance of innovation systems |
| 264 | 1 | |a Paris |b OECD |c 2005 | |
| 300 | |a 319 s. | ||
| 610 | 2 | 0 | |a správa verejná |
| 610 | 2 | 0 | |a inovácia |
| 610 | 2 | 0 | |a správa štátna |
| 610 | 2 | 0 | |a manažment inovačný |
| 610 | 2 | 0 | |a stratégia inovačná |
| 610 | 2 | 0 | |a porovnanie medzinárodné |
| 610 | 2 | 0 | |a technológie nové |
| 610 | 2 | 0 | |a štúdie prípadové |